header

Definition of serious and complex medical conditions (Record no. 47499)

MARC details
000 -LEADER
fixed length control field 01569nam a22003494a 4500
082 04 - DEWEY DECIMAL CLASSIFICATION NUMBER
Classification number 362.1
245 00 - TITLE STATEMENT
Title Definition of serious and complex medical conditions
260 ## - PUBLICATION, DISTRIBUTION, ETC. (IMPRINT)
Place of publication Washington, DC :
Name of publisher National Academy Press,
Year of publication c1999.
300 ## - PHYSICAL DESCRIPTION
Number of Pages vi, 116 p.
500 ## - GENERAL NOTE
General note Based on a workshop convened on June 14, 1999.
650 #0 - SUBJECT ADDED ENTRY--TOPICAL TERM
Topical Term Health insurance
Topical Term Critically ill
Topical Term Catastrophic health insurance
700 1# - ADDED ENTRY--PERSONAL NAME
Personal name Chrvala, Carole A.
Personal name Sharfstein, Steven S.
856 40 - ELECTRONIC LOCATION AND ACCESS
Uniform Resource Identifier http://site.ebrary.com/lib/rucke/Doc?id=10062878

No items available.

© 2026 Rongo University
Contact us: librarian | system librarian | Rongo university